Normal view
MARC view
- Newell, Peter
Entry Personal Name
001 - CONTROL NUMBER
- control field: 106555
003 - CONTROL NUMBER IDENTIFIER
- control field: NUST
005 - DATE AND TIME OF LATEST TRANSACTION
- control field: 20221230190023.0
008 - FIXED-LENGTH DATA ELEMENTS
- fixed length control field: 221230|| aca||aabn | a|a d
040 ## - CATALOGING SOURCE
- Original cataloging agency: NUST
- Transcribing agency: NUST
100 ## - HEADING--PERSONAL NAME
- Personal name: Newell, Peter
- Fuller form of name: (Peter John)
670 ## - SOURCE DATA FOUND
- Source citation: Work cat.: (NUST)0: Bulkeley, Harriet, 1972- 106553, Governing climate change /
